01701 2200313 4500001002100000005001500021035002000036007000300056008004100059020002200100082001100122084002000133100003900153245015000192250002900342300004100371650002100412700002900433700003100462700003300493520068300526740004701209264002501256336002101281337003001302338002301332990001601355990001601371INLIS00000000116585420251006022024 a0010-1025000048ta251006 e 0 ind  a978-979-039-101-7 a2X6.12 aSR 2X6.12 NAB s0 aNabil bin Muhammad Mahmudepenulis1 a150 problem rumah tangga yang sering terjadi /cNabil bin Muhammad Mahmud; penerjemah, Arif Mahmudi; penyunting, Andi Wicaksono, Muhtadawan Bahri aCetakan II, Januari 2019 ax, 320 halaman :bilustrasi ;c23 cm 4aKeluarga (Islam)0 aArif Mahmudiepenerjemah0 aAndi Wicaksonoepenyunting0 aMuhtadawan Bahriepenyunting aHidup tak pernah lepas dari masalah! Tak terkecuali kehidupan berumah tangga. Suami-istri mana yang tak pernah cek-cok? Karena suami dan istri diciptakan Allah berbeda, tentu saja potensi perselisihan selalu ada. Meski demikian, setiap masalah pasti ada solusinya. Sebagai risalah yang sempurna, Islam memberiakn solusinya. Buku ini berisi kumpulan problem rumah tangga yang nyata dan sering terjadi di tengah masyarakat. Solusi kami disampaikan langsung oleh para ulama terkemuka seperti: Syaikh Abdul Aziz bin Baz, Syaikh Muhammad Al-Utsaimin, Syaikh Shalih Al-Fauzan, Syaikh abdullah Al-Jibrin, Syaikh Muhammad Al-Munajjid, dan Syaikh Muhammad Ad-Duwaisy. akullu musykilatin zaujiyatin wa aha hallun aSolo :bAqwam,c2019 2rdacontentateks 2rdamediaatanpa perantara 2rdacarrieravolume a56150.66970 a56150.66970